000 00851cam a2200301 4500
001 J111334
008 000000n2001 000 0 eng u
035 _a(Sirsi) u111334
050 _a331.28169
110 _aHays Montrose
_91032
245 _aGuide to salaries in construction - 2000/2001
260 _aLondon
_bHays Montrose
_c2001
300 _a7p. ; 15x21cm.
520 _aPublished in conjunction with Building magazine.
520 _aSuperseded by E10893.
650 _aQUANTITY SURVEYORS
650 _aESTIMATORS
650 _aPLANNERS
650 _aENGINEERS
650 _aPROJECT MANAGERS
650 _aSITE AGENTS
650 _aSALARY SURVEYS
650 _aSURVEYING
650 _aCONSTRUCTION INDUSTRY
690 _aMANAGEMENT-BUSINESS MANAGEMENT-PROFESSIONAL PRACTICE
710 _aBuilding
_91694
942 _n0
999 _c101221
_d101221